| 000 | 01612cam a22003854a 4500 | ||
|---|---|---|---|
| 003 | The World Bank | ||
| 005 | 20140910090235.0 | ||
| 006 | m d | ||
| 007 | cr cn||||||||| | ||
| 008 | 050610m20059999dcua b i000 0 eng | ||
| 010 | _a2005050942 | ||
| 020 | _a0821361813 (v. 1) | ||
| 020 | _a0821363484 (v. 2) | ||
| 035 | _a(The World Bank)2005050942 | ||
| 040 |
_aDLC _cDLC _dDLC |
||
| 042 | _apcc | ||
| 043 | _ad------ | ||
| 050 | 0 | 0 |
_aHC59.7 _b.A782 2005 |
| 082 | 0 | 0 |
_a339.4/6/091724 _222 |
| 245 | 0 | 0 |
_aAnalyzing the distributional impact of selected reforms _hrecurso electrónico cedited by Aline Coudouel, Stefano Paternostro. |
| 246 | 1 | _iVol. 2 has titleaAnalyzing the distributional impact of reforms | |
| 260 |
_aWashington, D.C. bWorld Bankcc2005- _bxx _cxx |
||
| 300 | _av. <1-2 > bill. c23 cm. +e 1 CD-ROM (4 3/4 in.) | ||
| 505 | 1 | _av. 1. A practitioner's guide on trade, monetary and exchange rate policy, utility provision, agricultural markets, land policy, and education -- v. 2. Analyzing the distributional impact of reforms | |
| 650 | 0 |
_aPoverty _zDeveloping countries. _931139 |
|
| 651 | 0 |
_aDeveloping countries _xEconomic policy. _931140 |
|
| 700 | 1 |
_aCoudouel, Aline. _931141 |
|
| 700 | 1 |
_aPaternostro, Stefano. _931142 |
|
| 710 | 2 |
_aWorld Bank. _94764 |
|
| 773 | 0 |
_dxx xx xx _oworldbank _tWorld Bank |
|
| 776 | 0 | 8 | _aPrint Versionz9780821363485 |
| 830 | 0 |
_aWorld Bank e-Library. _931143 |
|
| 856 | 4 | 0 | _uhttp://ez.urosario.edu.co/login?url=http://elibrary.worldbank.org/content/book/9780821363485 |
| 942 |
_cMATELECTR _kBD _2DEWEY _h339.4 |
||
| 999 |
_c163410 _d163410 |
||